01102nam a22002655i 450000100060000000300090000600500170001500700030003200800410003502000180007604000220009408000210011624502410013725000120037826001100039030000210050049000480052160000620056970000340063170000220066570000260068771000420071383000480075585200330080310997ES-MaACL20240125164724.0t|940706s1994 sp ||||0| spa j a84-7658-419-9 aM-BN bspa cM-BN a1 Kant, Immanuel00aKant: de la Crítica a la filosofía de la religión b: en el bicentenario de La Religión en los límites de la mera razón / cDulce María Granja Castro (coord.) ; prólogo de Fernando Salmerón ; H.E. Allison ... [et al.]. a1ª ed. aBarcelona : bAnthropos ; aMéxico : bUniversidad Autónoma Metropolitana, Unidad Iztapalapa, c1994. a217 p ; c20 cm.1 aAutores, textos y temas. Filosofía ; v4514aKant, Immanuel,d1724-1804-xCrítica e interpretación1 aGranja Castro, Dulce María.1 aAllison, Henry E.1 aSalmerón, Fernando.2 aUniversidad Autónoma Metropolitana.0 aAutores, textos y temas. Filosofía ; v45 aES-MaACLjL-18351 bR.122534